00565 a2200169 450000100060000002000060000604000220001210000310003424000320006524500270009730000080012436200090013265001260014194200070026795201040027499900170037857752 a  cAnchieta - Pituba aGurgel, Antonio de Pádua10aJosé Carlos Oliveiralpor10aJosé Carlos Oliveira a2130 a2005 4aPessoas em literatura, história, biografia, genealogia (incluindo historiadores, escritores e críticos da literatura) cBK 00104070a91.1b91.1d2023-11-21l0o928 J83j JOSp7954/PITr2023-11-21 18:25:28w2023-11-21yBK c57752d57752